000 00481cam a22001932a 4500
001 000642
003 AR-FADEU
008 311216n1993####xxu####################dd
020 _a950-07-0864-7
092 _a303.4
_bD794
100 _aDrucker, Peter F.
245 _aLa sociedad poscapitalista
260 _aBuenos Aires
260 _bSudamericana
260 _c1993
300 _a180 p
650 _aSOCIEDAD POSTCAPITALISTA; CAMBIO SOCIAL-POSTCAPITALISMO
942 _cBDGR
999 _c6482
_d6482